| 000 | 01762cam a2200361Ia 4500 | ||
|---|---|---|---|
| 001 | ocm77566843 | ||
| 005 | 20161213153257.0 | ||
| 008 | 161202s2006 sp ao fri 001 0 spa d | ||
| 020 | _a8484432262 | ||
| 020 | _a9788484432265 | ||
| 035 | _a(OCoLC)77566843 | ||
| 040 |
_aCo-BoUCM _bspa _cSaul Niño _dSaul Niño |
||
| 041 | 0 | _aspa | |
| 245 | 0 | 3 |
_aEl ventilador _bcurso de español de nivel superior _cMaria Dolores Chamorro... [y otros.] |
| 260 |
_aBarcelona (España) _bDifusion _c2006 |
||
| 300 |
_a224 páginas _bilustraciones, fotografías _e1 CD-ROM + 1 DVD |
||
| 500 | _aIncluye índice | ||
| 500 | _aMarco común europeo de referencia C1 | ||
| 520 | _aComprehensive advanced Spanish course textbook with a variety of language models to fully explore the real language. Has 33 units and audio (74 min.), and the topics are divided into 6 themes: Saber hablar, saber hacer, saber cultura, saber entender, saber palabras, saber gramática. DVD contains video clips of advertising, interviews and presentations. With downloaded answers for all exercises, plus transcripts. | ||
| 650 | 0 |
_aLengua española _xGramática _945733 _vLibros de texto |
|
| 650 | 0 |
_aLengua española _xEnseñanza _945733 _vLibros de texto |
|
| 650 | 7 |
_aEspañol _xPronunciación _914900 |
|
| 650 | 7 |
_aEspañol _xEstudiantes extranjeros _914900 |
|
| 650 | 7 |
_aEspañol _914900 _vEstudios y ejercicios |
|
| 690 | 0 |
_aLingüística aplicada _9439 |
|
| 700 | 1 |
_aLozano López, Gracia _982394 |
|
| 700 | 1 |
_aRios Rojas, Aurelio _982395 |
|
| 700 | 1 |
_aCampillo Ruiz, José Placido _982396 |
|
| 700 | 1 |
_aRuiz Fajardo, Guadalupe _982397 |
|
| 700 | 1 |
_aMaría Dolores, Chamorro Guerrero _982398 |
|
| 942 |
_2DEWEY _a12 _cLIBRO _e1 _h468 _mV465ve |
||
| 999 |
_c305159 _d305159 |
||